Living with cyberspace (Record no. 26669)
[ view plain ]
| 000 -LEADER | |
|---|---|
| fixed length control field | 01414nam a22003614a 4500 |
| 082 04 - DEWEY DECIMAL CLASSIFICATION NUMBER | |
| Classification number | 303.48/34 |
| 245 00 - TITLE STATEMENT | |
| Title | Living with cyberspace |
| 260 ## - PUBLICATION, DISTRIBUTION, ETC. (IMPRINT) | |
| Place of publication | New York : |
| Name of publisher | Continuum, |
| Year of publication | 2002. |
| 300 ## - PHYSICAL DESCRIPTION | |
| Number of Pages | viii, 203 p. |
| 650 #0 - SUBJECT ADDED ENTRY--TOPICAL TERM | |
| Topical Term | Information technology |
| Topical Term | Cyberspace |
| Topical Term | Information society. |
| Topical Term | Computers and civilization. |
| Topical Term | Civilization, Modern |
| 700 1# - ADDED ENTRY--PERSONAL NAME | |
| Personal name | Armitage, John, |
| Personal name | Roberts, Joanne. |
| 856 40 - ELECTRONIC LOCATION AND ACCESS | |
| Uniform Resource Identifier | http://site.ebrary.com/lib/rucke/Doc?id=10224920 |
No items available.
